Parliamentary democracy of India (Record no. 420822)

000 -LEADER
fixed length control field 00339cam a22001217a 4500
008 - FIXED-LENGTH DATA ELEMENTS--GENERAL INFORMATION
fixed length control field 180718b1961 xxu||||| |||| 00| 0 eng d
082 ## - DEWEY DECIMAL CLASSIFICATION NUMBER
Classification number B253x54 R18
100 ## - MAIN ENTRY--PERSONAL NAME
Personal name Rao, K.V.
245 ## - TITLE STATEMENT
Title Parliamentary democracy of India
Statement of responsibility, etc. by K.V. Rao
260 ## - PUBLICATION, DISTRIBUTION, ETC.
Place of publication, distribution, etc. Calcutta
Name of publisher, distributor, etc. World Press
Date of publication, distribution, etc. 1961
300 ## - PHYSICAL DESCRIPTION
Extent xvi, 365p
650 ## - SUBJECT ADDED ENTRY--TOPICAL TERM
Topical term or geographic name entry element Constitutional law --India.
Holdings
Withdrawn status Lost status Damaged status Not for loan Permanent Location Current Location Date acquired Full call number Barcode Date last seen Price effective from Koha item type Source of classification or shelving scheme Total Checkouts Checked out Date last checked out
        Indian Institute of Public Administration Indian Institute of Public Administration 2009-07-21 B253x54 R18 38367 2018-07-21 2018-07-21 Book        
        Indian Institute of Public Administration Indian Institute of Public Administration 2009-07-21 B253x54 R18 24638 2018-07-21 2018-07-21 Book        
        Indian Institute of Public Administration Indian Institute of Public Administration 2009-07-21 B253x54 R18 24208 2018-07-21 2018-07-21 Book        
        Indian Institute of Public Administration Indian Institute of Public Administration 2021-02-11 TNC B253x54 R18 GR22742 2022-09-20 2021-02-11 GR   1 2022-10-26 2022-09-20

Powered by Koha